| 000 | 00591nam a2200241Ia 4500 | ||
|---|---|---|---|
| 003 | OSt | ||
| 005 | 20250717145642.0 | ||
| 008 | 210210b2019 xxu||||| |||| 00| 0 eng d | ||
| 020 | _a9789383590079 | ||
| 040 | _cAL | ||
| 041 | _aeng | ||
| 082 | _a005.276 KUMW | ||
| 100 |
_aPuneet kumar _9219237 |
||
| 245 | _aWeb programming | ||
| 260 |
_aLudhiana _bKalyani publishers _c2019 |
||
| 300 | _axxii,389p. | ||
| 650 |
_aWeb _9219238 |
||
| 650 |
_aprogramming _9219239 |
||
| 690 |
_aComputer Science _9219240 |
||
| 700 |
_aSushil Bhardwaj _9219241 |
||
| 906 | _a073613 | ||
| 942 |
_2ddc _cBK |
||
| 999 |
_c108226 _d108226 |
||